Prayers for public worship: a service book of mourning and evening prayers following the course of the Christian Year. (Record no. 31087)
[ view plain ]
| 000 -LEADER | |
|---|---|
| fixed length control field | 00898nam a22002291a 4500 |
| 001 - CONTROL NUMBER | |
| control field | 7275283 |
| 005 - DATE AND TIME OF LATEST TRANSACTION | |
| control field | 20110718130854.0 |
| 008 - FIXED-LENGTH DATA ELEMENTS--GENERAL INFORMATION | |
| fixed length control field | 740524s1958 nyu 00010 eng u |
| 035 ## - SYSTEM CONTROL NUMBER | |
| System control number | (OCoLC)ocm00895488 |
| 035 ## - SYSTEM CONTROL NUMBER | |
| -- | AGR-5261 |
| 035 ## - SYSTEM CONTROL NUMBER | |
| System control number | (ISLdb)312347 |
| 040 ## - CATALOGING SOURCE | |
| Transcribing agency | UTS |
| Modifying agency | IHG |
| -- | ISLdb |
| 100 10 - MAIN ENTRY--PERSONAL NAME | |
| Personal name | Ferguson, James, |
| Dates associated with a name | 1873- |
| 245 10 - TITLE STATEMENT | |
| Title | Prayers for public worship: a service book of mourning and evening prayers following the course of the Christian Year. |
| Statement of responsibility, etc | Compiled and edited by James Ferguson; American editor: Charles L. Wallis. |
| Medium | [Text] |
| 250 ## - EDITION STATEMENT | |
| Edition statement | [American edition] |
| 260 0# - PUBLICATION, DISTRIBUTION, ETC. (IMPRINT) | |
| Place of publication, distribution, etc | New York |
| Name of publisher, distributor, etc | Harper |
| Date of publication, distribution, etc | c1958 |
| 300 ## - PHYSICAL DESCRIPTION | |
| Extent | viii., 370 p., c22 cm. |
| 500 ## - GENERAL NOTE | |
| General note | "A revision of (the author's) Prayers for common worship." |
| 504 ## - BIBLIOGRAPHY, ETC. NOTE | |
| Bibliography, etc | Includes bibliography. |
| 610 20 - SUBJECT ADDED ENTRY--CORPORATE NAME | |
| Corporate name or jurisdiction name as entry element | Presbyterian Church |
| General subdivision | Prayer-books and devotions |
| -- | English. |
| 710 20 - ADDED ENTRY--CORPORATE NAME | |
| Corporate name or jurisdiction name as entry element | Presbyterian Church. |
| Subordinate unit | Liturgy and ritual. |
| Withdrawn status | Lost status | Source of classification or shelving scheme | Damaged status | Not for loan | Collection code | Home library | Current library | Shelving location | Date acquired | Cost, normal purchase price | Total Checkouts | Full call number | Barcode | Date last seen | Copy number | Price effective from | Koha item type |
|---|---|---|---|---|---|---|---|---|---|---|---|---|---|---|---|---|---|
| Library of Congress Classification | General Circulation | AIU/NEGST - Tony Wilmot Memorial Library | AIU/NEGST - Tony Wilmot Memorial Library | General Stacks | 09/26/2009 | 29.00 | BX 9185.F47 1958 | R25729M3232 | 09/02/2019 | 1 | 09/26/2009 | Books |
